| 000 | 00470cam a22001457a 4500 | ||
|---|---|---|---|
| 008 | 180718b2007 xxu||||| |||| 00| 0 eng d | ||
| 020 | _a1861348357 | ||
| 082 | _aQ We462 | ||
| 100 | _aWelshman, John | ||
| 245 |
_aFrom transmitted deprivation to social exclusion: policy, poverty, and parenting _cby John Welshman |
||
| 260 |
_aBristol _bPolicy Press _c2007 |
||
| 300 | _a304p. | ||
| 650 | _aGreat Britain --Social policy | ||
| 650 | _aMarginality, Social --Great Britain | ||
| 999 |
_c407212 _d407212 |
||